| 000 | 00365nam a22001217a 4500 | ||
|---|---|---|---|
| 082 | _a220 PRO | ||
| 100 |
_aADNAN,UMER,ALI _971700 |
||
| 245 | _aPR-SOF-1367-DEVELOPMENT OF A COMPUTATIONAL TOOL FOR THE ANALYSIS OF COMPOSITE BEAMS | ||
| 260 |
_aISLAMABAD _bNUST COLLEGE OF EME _c2001 |
||
| 650 |
_a DE-MECH-32 _971701 |
||
| 700 |
_aDR RIZWAN SAEED _971702 |
||
| 942 | _cCR | ||
| 999 |
_c578081 _d578081 |
||